| 000 | 00706 a2200193 4500 | ||
|---|---|---|---|
| 999 |
_c6893 _d6893 |
||
| 020 | _a9780520294646 (cloth : alk. paper) | ||
| 020 | _a9780520294639 (pbk. : alk. paper) | ||
| 050 | 0 | 0 | _aBF241COR2017 |
| 100 | 1 |
_aCornsweet, Tom N., _eauthor. |
|
| 245 | 1 | 0 |
_aSeeing : _bhow light tells us about the world / _cTom Cornsweet. |
| 264 | 1 |
_a[Oakland, California] : _bUniversity of California Press, _c[2017] |
|
| 264 | 4 | _c♭2017 | |
| 300 |
_ax, 189 pages : _billustrations ; |
||
| 500 | _aincludes index | ||
| 504 | _aIncludes bibliographical references (pages 181-182) and index. | ||
| 650 | 0 | _aVisual perception. | |
| 942 |
_2lcc _cBK _h241 _iCOR _kBF |
||